[Event "Berlin-ch QT"]
[Site "Berlin"]
[Date "2017.04.17"]
[Round "9"]
[White "Mahler, Sonja"]
[Black "Kargin, Vladimir"]
[Result "0-1"]
[WhiteElo "1546"]
[BlackElo "1658"]
[PlyCount "101"]
[EventDate "2017.04.09"]
[EventType "swiss"]
[EventRounds "9"]
[EventCountry "GER"]
[SourceTitle "CBM 189 Extra"]
[Source "ChessBase"]
[SourceDate "2019.05.31"]
[SourceVersion "1"]
[SourceVersionDate "2019.05.31"]
[SourceQuality "1"]

1. d4 d5 2. Bf4 e6 3. Nf3 Bd6 4. Bg5 f6 5. Bh4 Ne7 6. e3 Nf5 7. Bg3 Nxg3 8. hxg3 Nc6 9. Nh4 Ne7 10. Be2 c6 11. c3 Qb6 12. Qc2 Bd7 13. Bh5+ Kd8 14. Nd2 Kc7 15. Be2 c5 16. a4 c4 17. Nhf3 h6 18. 0-0 a6 19. b3 cxb3 20. Nxb3 Rac8 21. Rfb1 Qa7 22. Na5 b6 23. Nb3 Rb8 24. c4 Kd8 25. Nfd2 Ke8 26. Bh5+ Kf8 27. Qd1 g6 28. Be2 Kg7 29. Bd3 Rhc8 30. f4 Bc7 31. Qg4 f5 32. Qh4 Bd8 33. g4 Nc6 34. Qg3 Nb4 35. Be2 a5 36. gxf5 exf5 37. Bh5 Be8 38. Rc1 Qe7 39. Be2 dxc4 40. Bxc4 Bf7 41. Be2 Nc2 42. Ba6 Rc3 43. Rxc2 Rxc2 44. e4 fxe4 45. f5 Bc7 46. f6+ Kxf6 47. Rf1+ Kg7 48. Qe3 Qh4 49. Rxf7+ Kxf7 50. Nf1 Bf4 51. Qh3 0-1